[Event "Let's Play Chess!"]
[Site "http://www.queenalice.com/game.php?id=661402"]
[Date "2009.10.2"]
[Round "-"]
[White "Laurea"]
[Black "digger"]
[Result "1-0"]
[WhiteElo "1536"]
[BlackElo "1601"]

1. e4 e5 2. Nf3 d5 3. exd5 Qxd5 4. Be2 Nf6 5. Nc3 Qd6 6. d3 Nc6 7. O-O Bf5 8.
Nb5 Qd7 9. Be3 a6 10. Nc3 O-O-O 11. Bg5 Re8 12. Re1 Ng4 13. h3 Nf6 14. a3 Bc5
15. b4 Be7 16. b5 axb5 17. Nxb5 Nd5 18. Bxe7 Rxe7 19. Qb1 b6 20. c4 Nf6 21. Rc1
Nd4 22. Nfxd4 exd4 23. Bf3 Rhe8 24. Qc2 Re6 25. Qa4 Kd8 26. Rd1 Ke7 27. Qb4+ Kd8
28. a4 R8e7 29. a5 c5 30. Qb3 bxa5 31. Rxa5 Qc8 32. Ra8 Qxa8 33. Bxa8 Nd7 34.
Qa3 Nb6 35. Kh2 h5 36. Bd5 Re2 37. Qa5 Kd7 38. Qxb6 Kc8 39. Nd6+ Kd7 40. Nxf5
Re8 41. Bc6+ Ke6 42. Bxe8+ Kxf5 43. Qxc5+ Kf6 44. Qxd4+ Ke7 45. Bb5 g5 46. Ra1
f5 47. Ra7+ Kf8 48. Qh8# 1-0

[Event "Let's Play Chess!"]
[Site "http://www.queenalice.com/game.php?id=661403"]
[Date "2009.10.2"]
[Round "-"]
[White "mestre_leonardo"]
[Black "Laurea"]
[Result "1-0"]
[WhiteElo "1562"]
[BlackElo "1566"]

1. e4 e5 2. Nf3 Nc6 3. Bc4 Nf6 4. Ng5 d5 5. exd5 Nxd5 6. d3 Bc5 7. O-O O-O 8.
Qf3 Be6 9. Nxe6 fxe6 10. Qg3 Rf6 11. Bg5 Qf8 12. Bxf6 Qxf6 13. Bb5 Rf8 14. Bxc6
bxc6 15. Nc3 Nxc3 16. bxc3 Bb6 17. a4 Ba5 18. c4 Rb8 19. Qe3 Bb6 20. Qe4 Bd4 21.
Ra3 Rb2 22. Qxc6 Qf7 23. Qa8+ Qf8 24. Qxf8+ Kxf8 25. Rb3 Rxc2 26. Rb8+ Ke7 27.
Rc8 c5 28. Rc7+ Kf6 29. Rxa7 h5 30. Ra8 Rd2 31. a5 Rxd3 32. h3 Ra3 33. a6 e4 34.
a7 Be5 35. Rf8+ Kg6 36. a8=Q 1-0

[Event "Let's Play Chess!"]
[Site "http://www.queenalice.com/game.php?id=663138"]
[Date "2009.10.5"]
[Round "-"]
[White "Laurea"]
[Black "robertson"]
[Result "0-1"]
[WhiteElo "1585"]
[BlackElo "1521"]

1. e4 Nc6 2. Nf3 e5 3. Bc4 h6 4. Nc3 d6 5. h3 Qf6 6. d3 Nge7 7. O-O Ng6 8. Nd5
Qd8 9. Be3 Be6 10. Bb5 a6 11. Bxc6+ Bd7 12. Bxb7 Rb8 13. Bxa6 c6 14. Nc3 c5 15.
b3 Qa5 16. Bc4 Qxc3 17. Bd2 Qb2 18. Re1 Qa3 19. Qc1 Qa7 20. a3 Be7 21. b4 O-O
22. Bc3 Rfc8 23. Bd5 Nf4 24. Bd2 g5 0-1

[Event "Let's Play Chess!"]
[Site "http://www.queenalice.com/game.php?id=663140"]
[Date "2009.10.5"]
[Round "-"]
[White "welschren"]
[Black "Laurea"]
[Result "0-1"]
[WhiteElo "1485"]
[BlackElo "1531"]

1. e4 e5 2. Nf3 Nc6 3. d4 exd4 4. Nxd4 Nf6 5. Nxc6 bxc6 6. Bd3 Bc5 7. Nd2 d6 8.
h3 O-O 9. Nf3 h6 10. Qe2 Re8 11. Nd2 Rb8 12. Nb3 Bb6 13. Qf3 d5 14. e5 Rxe5+ 15.
Kd2 Bd7 16. Re1 Qe8 17. Rxe5 Qxe5 18. Qe2 Qg5+ 19. Kc3 Qxg2 20. Bd2 Qxh3 21. Rg1
Ba5+ 22. Nxa5 Re8 23. Nb3 Rxe2 24. Rg3 Qf1 25. Bxe2 Qxe2 26. f3 Qe5+ 27. Kb4
Qxg3 0-1

[Event "Challenge"]
[Site "http://www.queenalice.com/game.php?id=663141"]
[Date "2009.10.5"]
[Round "-"]
[White "patrick"]
[Black "Laurea"]
[Result "0-1"]
[WhiteElo "1476"]
[BlackElo "1498"]

1. e4 e5 2. Nh3 Nf6 3. Qf3 Bc5 4. Bc4 Nc6 5. Ng5 O-O 6. Qh3 d5 7. Bxd5 Bxh3 8.
gxh3 Nxd5 9. h4 Nd4 10. Kd1 Be7 11. c4 Nb6 12. b3 Bxg5 13. hxg5 Qxg5 14. d3 Qg2
15. Re1 Qxf2 16. Be3 Qc2# 0-1

[Event "Let's Play Chess!"]
[Site "http://www.queenalice.com/game.php?id=663903"]
[Date "2009.10.7"]
[Round "-"]
[White "HuGeRoOsTeR"]
[Black "Laurea"]
[Result "0-1"]
[WhiteElo "1444"]
[BlackElo "1603"]

1. e4 e5 2. d3 Nf6 3. Bg5 Bb4+ 4. c3 Bc5 5. b4 Bb6 6. Nf3 d6 7. Qa4+ Bd7 8. b5
a6 9. Bxf6 Qxf6 10. Be2 Bxb5 11. Qb4 c5 12. Qb3 O-O 13. O-O Nd7 14. Na3 Bc6 15.
Nc4 Bc7 16. a4 b5 17. Ne3 bxa4 18. Rxa4 Bxa4 19. Qxa4 Nb6 20. Qc6 Rac8 21. Qb7
a5 22. Nd5 Nxd5 23. Qxd5 a4 24. d4 cxd4 25. cxd4 a3 26. Bc4 Bb6 27. dxe5 dxe5
28. Nxe5 Rcd8 29. Nd7 Qe7 30. Qc6 Rxd7 31. Qxb6 Qxe4 32. Qb5 Re7 33. f3 Qe3+ 34.
Kh1 h6 35. h3 Rfe8 0-1

[Event "Let's Play Chess!"]
[Site "http://www.queenalice.com/game.php?id=663904"]
[Date "2009.10.7"]
[Round "-"]
[White "Laurea"]
[Black "jfox"]
[Result "0-1"]
[WhiteElo "1601"]
[BlackElo "1715"]

1. e4 e5 2. Nf3 Nc6 3. Bc4 Bc5 4. d3 Qf6 5. Nc3 h6 6. Nd5 Qd8 7. O-O Nf6 8. Be3
Bxe3 9. fxe3 O-O 10. Nd2 Nxd5 11. Bxd5 d6 12. Qe2 Nb4 13. c3 Nxd5 14. exd5 Qg5
15. Ne4 Qg4 16. Qxg4 Bxg4 17. Rae1 b5 18. c4 Bd7 0-1

[Event "Let's Play Chess!"]
[Site "http://www.queenalice.com/game.php?id=664784"]
[Date "2009.10.9"]
[Round "-"]
[White "Laurea"]
[Black "Saintsalles"]
[Result "0-1"]
[WhiteElo "1603"]
[BlackElo "1661"]

1. e4 e5 2. Nf3 Bd6 3. Bc4 Nf6 4. d3 h6 5. Nc3 Nc6 6. O-O O-O 7. Be3 Bb4 8. h3
Bxc3 9. bxc3 a6 10. Rb1 d6 11. d4 b5 12. Bd3 Bb7 13. d5 Ne7 14. c4 c6 15. Re1
Qc7 16. Nh2 c5 17. Qf3 b4 18. Be2 Ng6 19. Qg3 Nxe4 20. Qg4 Nf6 21. Qg3 Ne4 22.
Qf3 Nc3 23. Rb3 e4 24. Qg4 Bc8 25. Qg3 Nxa2 26. Bh5 Bf5 27. Bf4 Nxf4 28. Qxf4
Qd7 29. Ng4 Bxg4 30. Bxg4 f5 31. Bh5 g5 32. Qd2 a5 33. Qe3 a4 34. Rb2 Nc3 0-1

[Event "Challenge"]
[Site "http://www.queenalice.com/game.php?id=665067"]
[Date "2009.10.9"]
[Round "-"]
[White "patrick"]
[Black "Laurea"]
[Result "0-1"]
[WhiteElo "1479"]
[BlackElo "1555"]

1. e4 e5 2. Qf3 Nf6 3. Bc4 Bc5 4. Qg3 O-O 5. Nf3 Bd6 6. Nh4 Nxe4 7. Qg4 Bc5 8.
Nf5 Ng5 9. h4 Ne6 10. Bxe6 Qf6 11. Bd5 d6 12. h5 c6 13. Bc4 Bxf5 14. Qg3 Bxc2
15. f3 Nd7 16. h6 d5 17. Bxd5 cxd5 18. Nc3 d4 19. Nd5 Qg6 20. Qh3 Bf5 21. Qh4
Qxg2 22. b4 Bb6 23. Ne7+ Kh8 24. Qh5 Bg6 25. Qh2 Qxf3 26. Rf1 Qe4+ 27. Kd1 Rfe8
28. Nxg6+ Qxg6 29. Rg1 Qxh6 30. Qg2 d3 31. Bb2 Bxg1 32. Qxg1 Qh5+ 33. Ke1 Qe2#
0-1

[Event "A romperte el coco"]
[Site "http://www.queenalice.com/game.php?id=665860"]
[Date "2009.10.11"]
[Round "-"]
[White "Henderb"]
[Black "Laurea"]
[Result "1-0"]
[WhiteElo "1973"]
[BlackElo "1571"]

1. d4 d5 2. c4 e6 3. Nc3 Nf6 4. Bg5 Be7 5. Nf3 Nc6 6. e3 O-O 7. Bd3 h6 8. Bh4 b6
9. O-O a5 10. Rc1 Nb4 11. Be2 Ne4 12. Bxe7 Qxe7 13. a3 Nc6 14. cxd5 Nxc3 15.
Rxc3 Na7 16. Qc2 exd5 17. Rxc7 Qd6 18. Ne5 Nb5 19. Bxb5 Bf5 20. Qc3 Rfe8 21.
Bxe8 1-0

[Event "Let's Play Chess!"]
[Site "http://www.queenalice.com/game.php?id=665926"]
[Date "2009.10.11"]
[Round "-"]
[White "Laurea"]
[Black "denisaugusto09"]
[Result "0-1"]
[WhiteElo "1599"]
[BlackElo "1716"]

1. e4 e5 2. Nf3 d6 3. Bc4 h6 4. d3 Bd7 5. Nc3 a6 6. O-O b5 7. Bb3 c6 8. Be3 g5
9. h3 g4 10. hxg4 Bxg4 11. Bxf7+ Kxf7 12. Nxe5+ dxe5 13. Qxg4 Nf6 14. Qf5 Qd7
15. Qxe5 Qd6 16. Qf5 Nd7 17. d4 Qe6 18. Qf4 Ke8 19. Rfe1 Bd6 20. e5 b4 21. Ne4
Nd5 22. Qf3 Be7 23. Qh5+ Kd8 24. Ng5 Bxg5 25. Bxg5+ Kc7 26. Re4 Qf5 27. Rae1
Raf8 28. R1e2 hxg5 0-1

[Event "Let's Play Chess!"]
[Site "http://www.queenalice.com/game.php?id=669744"]
[Date "2009.10.20"]
[Round "-"]
[White "Laurea"]
[Black "lk"]
[Result "1-0"]
[WhiteElo "1553"]
[BlackElo "1819"]

1. e4 e5 2. Nf3 Nc6 3. Bc4 Be7 4. d4 d6 5. O-O Nf6 6. Nc3 Bg4 7. d5 Nd4 8. Be2
Qd7 9. h3 Bxh3 10. Nxd4 exd4 11. Qxd4 c5 12. Qe3 O-O-O 13. gxh3 Qxh3 14. Qxh3+
1-0

[Event "Let's Play Chess!"]
[Site "http://www.queenalice.com/game.php?id=669745"]
[Date "2009.10.20"]
[Round "-"]
[White "lk"]
[Black "Laurea"]
[Result "0-1"]
[WhiteElo "1908"]
[BlackElo "1574"]

1. d4 d5 2. c4 Bf5 3. Nc3 e6 4. Nf3 Bb4 5. Bf4 Nf6 6. e3 Nbd7 7. Bd3 Bg6 8. O-O
O-O 9. Qc2 h6 10. Bxg6 fxg6 11. Qxg6 dxc4 12. Bxh6 Rf7 13. Ng5 Qe7 14. Nce4 Bd6
15. Nxf7 Qxf7 16. Nxf6+ Nxf6 17. Qxf7+ Kxf7 18. Bg5 Rh8 19. g3 Rh5 20. Rae1 Rxg5
21. e4 Nd7 22. f4 Rg4 23. f5 e5 24. dxe5 Bxe5 25. Rf2 Nc5 26. Rfe2 Nd3 27. b3
Nxe1 28. Rxe1 c3 29. Kg2 c2 30. Rc1 Rxe4 31. Rxc2 Kf6 32. Rc5 Kxf5 33. h3 Re2+
34. Kf3 Rxa2 35. g4+ Ke6 36. Ke3 Ra3 37. Ke4 Bh2 38. Rb5 b6 39. h4 a6 40. Re5+
Bxe5 0-1

[Event "Challenge"]
[Site "http://www.queenalice.com/game.php?id=680663"]
[Date "2009.11.10"]
[Round "-"]
[White "Lacey12"]
[Black "Laurea"]
[Result "1-0"]
[WhiteElo "1805"]
[BlackElo "1590"]

1. d4 d5 2. Nf3 Nf6 3. e3 e6 4. Bd3 Bd6 5. O-O O-O 6. Nc3 Nc6 7. b3 e5 8. dxe5
Nxe5 9. Nxe5 Bxe5 10. Bb2 Qd6 11. g3 d4 12. Nb5 Qc6 13. Nxd4 Bxd4 14. Bxd4 Bh3
15. f3 Bxf1 16. Qxf1 Rfe8 17. Bb5 Qxc2 18. Bxe8 Nxe8 19. Qc1 Qd3 20. Qb2 Rd8 21.
Rc1 Qf5 22. f4 h6 23. Rc5 1-0

[Event "France vs Iceland"]
[Site "http://www.queenalice.com/game.php?id=683811"]
[Date "2009.11.15"]
[Round "-"]
[White "bumpywater"]
[Black "Laurea"]
[Result "1-0"]
[WhiteElo "1610"]
[BlackElo "1613"]

1. e4 e5 2. Nf3 Nc6 3. Nc3 Bc5 4. Bb5 Nf6 5. Bxc6 dxc6 6. Nxe5 Qd4 7. Nd3 Nxe4
8. Qe2 Bf5 9. Nxc5 Qxc5 10. d3 O-O 11. dxe4 Rfe8 12. O-O Qb4 13. Qf3 Bxe4 14.
Nxe4 Rxe4 15. c3 Qe7 16. Bf4 Re8 17. Bd2 1-0

[Event "Challenge"]
[Site "http://www.queenalice.com/game.php?id=688443"]
[Date "2009.11.25"]
[Round "-"]
[White "Laurea"]
[Black "FENIX_RJ"]
[Result "1-0"]
[WhiteElo "1590"]
[BlackElo "1503"]

1. e4 e5 2. Nf3 Nc6 3. Bc4 Nf6 4. d3 d5 5. exd5 Bg4 6. dxc6 e4 7. dxe4 Nxe4 8.
cxb7 Rb8 9. Qe2 Bb4+ 10. c3 Bc5 11. Qxe4+ Be7 12. Qxg4 Bf6 13. O-O Rxb7 14. Re1+
Be7 15. Qxg7 Rf8 16. Ne5 Bc5 17. Bxf7+ Ke7 18. Nc6+ Kd7 19. Nxd8 Kxd8 20. Qf6+
Kd7 21. Qe6+ Kd8 22. Bg5+ Be7 23. Bxe7# 1-0

[Event "Challenge"]
[Site "http://www.queenalice.com/game.php?id=694551"]
[Date "2009.12.8"]
[Round "-"]
[White "Laurea"]
[Black "digger"]
[Result "0-1"]
[WhiteElo "1576"]
[BlackElo "1661"]

1. e4 c6 2. d4 d5 3. Nc3 e6 4. Bd3 Bb4 5. Nf3 Bd7 6. O-O Qf6 7. e5 Qe7 8. Bg5 f6
9. Bh4 g5 10. exf6 Qxf6 11. Bxg5 Qg7 12. Re1 h6 13. Bh4 Bd6 14. Bf5 Nf6 15. Bxe6
Bxe6 16. Rxe6+ Kd7 17. Rxf6 Rg8 18. g3 Na6 19. Qe2 Rae8 20. Qd3 Kc7 21. Re1 Be7
22. Rg6 Qxg6 23. Qxg6 Rxg6 24. Bxe7 Rg7 25. Bf6 Rxe1+ 26. Nxe1 Rf7 27. Be5+ Kd7
28. Nd3 b5 29. Nc5+ Nxc5 30. dxc5 Re7 31. Bf4 Re1+ 32. Kg2 Re6 0-1

[Event "Challenge"]
[Site "http://www.queenalice.com/game.php?id=696121"]
[Date "2009.12.11"]
[Round "-"]
[White "Laurea"]
[Black "rapini"]
[Result "1-0"]
[WhiteElo "1588"]
[BlackElo "1125"]

1. e4 Nf6 2. Nc3 e6 3. e5 Nd5 4. Nxd5 exd5 5. Nf3 c6 6. Be2 Bc5 7. d3 O-O 8. O-O
d4 9. Re1 d5 10. Qd2 Nd7 11. h3 1-0

[Event "Challenge"]
[Site "http://www.queenalice.com/game.php?id=717328"]
[Date "2010.1.20"]
[Round "-"]
[White "paulove"]
[Black "Laurea"]
[Result "1-0"]
[WhiteElo "1747"]
[BlackElo "1583"]

1. d4 d5 2. c4 c6 3. e3 Bf5 4. Nc3 e6 5. Qb3 Qc7 6. c5 Nf6 7. Nf3 Be7 8. Be2 O-O
9. O-O Ne4 10. Bd2 Nf6 11. Ne5 Nbd7 12. Nxd7 Qxd7 13. Bf3 Rfe8 14. Qd1 1-0

[Event "Challenge"]
[Site "http://www.queenalice.com/game.php?id=720298"]
[Date "2010.1.25"]
[Round "-"]
[White "Laurea"]
[Black "Vladimir"]
[Result "0-1"]
[WhiteElo "1589"]
[BlackElo "1670"]

1. e4 e5 2. Nf3 Nc6 3. Bc4 Nf6 4. a3 h6 5. Nc3 Bc5 6. O-O a6 7. d3 b5 8. Ba2 Bb7
9. Nd5 O-O 10. Re1 Ng4 11. Re2 Nd4 12. Nxd4 Bxd4 13. h3 Nxf2 14. Rxf2 Bxd5 15.
Bxd5 Qf6 16. Qe2 Bxf2+ 17. Qxf2 Qxf2+ 18. Kxf2 c6 19. Bb3 Kh7 20. Be3 f5 0-1